|
|
|
|
| LEADER |
00932nam a22002297a 4500 |
| 001 |
AAL9639 |
| 003 |
BD-DhAAL |
| 005 |
20211118121511.0 |
| 008 |
180716m20152002B ||||| |||| 00| 0 eng d |
| 999 |
|
|
|c 39788
|d 39788
|
| 020 |
|
|
|a 9789844102927
|
| 040 |
|
|
|a BD-DhAAL
|c BD-DhAAL
|
| 082 |
|
|
|a 891/.44/0995492
|
| 100 |
|
|
|a ছফা, আহমদ
|9 27364
|
| 245 |
|
|
|a নির্বাচিত প্রবন্ধ /
|c আহমদ ছফা
|
| 260 |
|
|
|a ঢাকা :
|b মাওলা ব্রাদার্স,
|c ২০১৫
|
| 300 |
|
|
|a ৪১৬ পৃষ্ঠা ;
|c ২২ সে.মি.
|
| 541 |
|
|
|e 9639
|
| 650 |
|
|
|a Bengali essays
|9 27365
|
| 852 |
|
|
|a Savar Campus Library
|c General Shelf
|
| 942 |
|
|
|2 ddc
|c BK
|
| 952 |
|
|
|0 0
|1 0
|2 ddc
|4 0
|6 891_000000000000000__44_0995492_SOF
|7 0
|9 63818
|a SCL
|b SCL
|c GEN
|d 2018-07-16
|e Development Book Agency
|g 405.00
|l 2
|m 14
|o 891.440995492 SOF
|p 3020009639
|r 2019-12-09
|s 2019-11-03
|t 1
|w 2018-07-16
|y BK
|